Statistics for Countries with Z

Click here to take the quiz!

General Stats

  • This quiz has been taken 108,455 times
    (38,207 since last reset)
  • The average score is 11 of 15

Answer Stats

Country% Correct
Zimbabwe
96%
Zambia
95%
New Zealand
82%
Switzerland
75%
Kazakhstan
74%
Azerbaijan
73%
Brazil
73%
Uzbekistan
73%
Venezuela
73%
Belize
71%
Mozambique
69%
Czech Republic
68%
Tanzania
67%
Kyrgyzstan
60%
Bosnia and Herzegovina
55%

Score Distribution

Percentile by Number Answered

Percent of People with Each Score

Your Score History

You have not taken this quiz since the last reset